ՀՀ Գիտությունների ազգային ակադեմիայի հիմնարար գիտական գրադարան  =   Fundamental Scientific Library of NAS RA

Հորձանք / (Record no. 110662)

MARC details
000 -LEADER
fixed length control field 00584nam a2200181 a 4500
001 - CONTROL NUMBER
control field 000300570
003 - CONTROL NUMBER IDENTIFIER
control field AM-YeHGA
005 - DATE AND TIME OF LATEST TRANSACTION
control field 20250618071934.0
008 - FIXED-LENGTH DATA ELEMENTS--GENERAL INFORMATION
fixed length control field 040117s1925 ai 000 | arm d
040 ## - CATALOGING SOURCE
Original cataloging agency AM-YeHGA
041 0# - LANGUAGE CODE
Language code of text/sound track or separate title arm
090 ## - LOCALLY ASSIGNED LC-TYPE CALL NUMBER (OCLC); LOCAL CALL NUMBER (RLIN)
-- 111998
100 1# - MAIN ENTRY--PERSONAL NAME
Personal name Տեր-Հովնանյան, Արշալույս Հովհաննեսի,
Dates associated with a name 1890-1958
9 (RLIN) 2830
245 10 - TITLE STATEMENT
Title Հորձանք /
Statement of responsibility, etc. Ա. Տեր-Հովնանյան.
260 ## - PUBLICATION, DISTRIBUTION, ETC.
Place of publication, distribution, etc. Յերևան :
Manufacturer Պետհրատի 2-րդ տպ.
Date of publication, distribution, etc. 1925.
300 ## - PHYSICAL DESCRIPTION
Extent 278 էջ ;
Dimensions 18 սմ.
650 14 - SUBJECT ADDED ENTRY--TOPICAL TERM
Topical term or geographic name entry element Հայ գրականություն
General subdivision Վիպակ
Holdings
Withdrawn status Lost status Damaged status Not for loan Collection Home library Current library Date acquired Total checkouts Full call number Barcode Date last seen Price effective from Koha item type Public note Cost, replacement price
        General Fundamental Scientific Library Fundamental Scientific Library 22/12/2016   AI/7280 FL0043182 22/12/2016 22/12/2016 Գրքեր / Books 30 Days Loan  
        General Fundamental Scientific Library Fundamental Scientific Library 22/12/2016   AI/8401 FL0045236 22/12/2016 22/12/2016 Գրքեր / Books 30 Days Loan 30.00


ՀՀ ԳԱԱ հիմնարար գիտական գրադարան
ՀՀ,Երևան 0019
Մարշալ Բաղրամյան 24/6
հեռախոս:(374-10) 52-47-50
Հետադարձ կապ

All site content, except where otherwise noted, is licensed under a
Creative Commons License